|
|
|
|
| LEADER |
01243nam a2200241 a 4500 |
| 001 |
GR-MES502 |
| 008 |
991111s1975 gr 000 b eng d |
| 020 |
|
|
|a 3510650654
|
| 040 |
|
|
|a GrPaTEI
|b gre
|c GR-PaULI
|
| 245 |
0 |
0 |
|a Anatomy of fishes :
|b Part I.
|
| 260 |
|
|
|a Stuttgard :
|b Schweizerbart'sche Verlagsbuchhandlung,
|c 1975
|
| 300 |
|
|
|a xi, 612σελ.
|
| 504 |
|
|
|a Βιβλιογραφία:σελ. 475-562
|
| 650 |
|
4 |
|a ΑΝΑΤΟΜΙΑ ΨΑΡΙΩΝ
|
| 650 |
|
4 |
|a Ιχθυολογία
|
| 700 |
1 |
|
|a Harder, Wilhelm
|
| 710 |
0 |
|
|a Schweizerbart'sche Verlagsbuchhandlung
|
| 942 |
|
|
|2 ddc
|
| 952 |
|
|
|0 0
|1 0
|2 ddc
|4 0
|6 597_000000000000000_HAR
|7 0
|9 263735
|a MSLG
|b MSLG
|c BSC
|d 2021-01-17
|e 24
|f 0
|g 0.00
|l 0
|o 597 HAR
|p 2420000004815
|r 2021-01-17 00:00:00
|t 1
|w 2021-01-17
|y BK15
|x 19991111 0 1
|x GrPaTEI
|
| 952 |
|
|
|0 0
|1 0
|2 ddc
|4 0
|6 597_000000000000000_HAR
|7 0
|9 263736
|a MSLG
|b MSLG
|c BSC
|d 2021-01-17
|e 24
|f 0
|g 0.00
|l 0
|o 597 HAR
|p 2420000004816
|r 2021-01-17 00:00:00
|t 1
|w 2021-01-17
|y BK15
|x 19991111 0 1
|x GrPaTEI
|
| 952 |
|
|
|0 0
|1 0
|2 ddc
|4 0
|6 597_000000000000000_HAR
|7 0
|9 263737
|a MSLG
|b MSLG
|c BSC
|d 2021-01-17
|e 24
|f 0
|g 0.00
|l 0
|o 597 HAR
|p 2420000004817
|r 2021-01-17 00:00:00
|t 1
|w 2021-01-17
|y BK15
|x 19991111 0 1
|x GrPaTEI
|
| 971 |
|
|
|a .b25715434
|b 15-04-20
|c 13-09-16
|
| 999 |
|
|
|c 151854
|d 151854
|